| 000 | 00971 a2200205 4500 | ||
|---|---|---|---|
| 003 | Nust | ||
| 005 | 20221026190918.0 | ||
| 010 | _a 80025050 | ||
| 020 | _a0865760039 : | ||
| 040 | _cNust | ||
| 082 | 0 | 0 | _a621.31,ELE |
| 110 | 2 |
_aElectric Power Research Institute. _9101468 |
|
| 245 | 1 | 0 |
_aElectricity, today's technologies and tomorrow's alternatives / _cElectric Power Research Institute. |
| 260 |
_aLos Altos, Calif. : _bThe Institute, _cc1981. |
||
| 300 |
_avii, 119 p. : _bill. ; _c28 cm. |
||
| 505 | _aThe Need for Energy (Page-1), Energy Demand and Conservation (Page-6), Energy Supply (Page-15), Principles of Electric Power Generation (Page-25), Today s Generating Options (Page-38), Future Generating Options (Page-50), Electricity Storage and Delivery (Page-75), Environmental Concerns (Page-90), Environmental Concerns (Page-107), Making Energy Decisions (Page-114). | ||
| 650 | 0 | _aElectric power. | |
| 650 | 0 |
_aPower resources. _93458 |
|
| 942 |
_2ddc _cBK |
||
| 999 |
_c179282 _d179282 |
||